000 00517nam a2200169 a 4500
001 60603
005 20180714061923.0
008 140415s2005 ck 000 0 spa d
020 _a958682585X
041 _aspa
082 _a333.73
_bDEI
100 1 _aDEININGER, KLAUS
245 1 0 _aACCESO A LA TIERRA, DESARROLLO Y REDUCCION DE LA POBREZA
250 _a1a ed.
260 _aCOLOMBIA :
_bBANCO MUNDIAL,
_c2005
650 1 4 _aRIA
_x
_xTENENCIA DE LA TIERRA
_x
_x
_xDEL SUELO
_x
_x
_xPOBREZA
_x
_x
_xO
_xSOCIAL
999 _c60603
_d60603